[Event "BAN Walton 1st League"]
[Site "Dhaka"]
[Date "2018.11.04"]
[Round "11.1"]
[White "Ghosh, Chanchal Kumer"]
[Black "Abdul, Khalek"]
[Result "1-0"]
[WhiteElo "2069"]
[BlackElo "1825"]
[PlyCount "65"]
[EventDate "2018.10.25"]
[EventType "team-tourn"]
[EventRounds "11"]
[EventCountry "BAN"]
[SourceTitle "CBM 187 Extra"]
[Source "ChessBase"]
[SourceDate "2018.11.04"]
[SourceVersion "1"]
[SourceVersionDate "2018.11.04"]
[SourceQuality "1"]
[WhiteTeam "Uttara Central CC"]
[BlackTeam "Kasparov CC"]
[WhiteTeamCountry "BAN"]
[BlackTeamCountry "BAN"]

1. e4 c5 2. Nf3 e6 3. d4 cxd4 4. Nxd4 a6 5. Bc4 b5 6. Bb3 Bb7 7. Qe2 Qc7 8. Nd2 Nc6 9. c3 Nf6 10. 0-0 h5 11. h3 Bc5 12. N2f3 Nxe4 13. Be3 Be7 14. Bc2 Nf6 15. Rfe1 Ng4 16. Be4 g5 17. Nxc6 dxc6 18. Bd4 0-0-0 19. Bxh8 Rxh8 20. b4 Kb8 21. a4 f5 22. Bxf5 Bf6 23. Qxe6 Bxc3 24. hxg4 hxg4 25. Bxg4 Bxa1 26. Rxa1 c5 27. bxc5 Qxc5 28. Qe5+ Qxe5 29. Nxe5 Re8 30. Nd7+ Kc7 31. Rc1+ Kd6 32. Rd1+ Kc7 33. Nc5 1-0